Представление документа в формате MARC21

ПолеНазваниеЗначение
  Тип записи a
  Библиографический уровень m
001 Контрольный номер RU\infra-m\znanium\bibl\2234237
005 Дата корректировки 20260429142239.0
008 Кодируемые данные 260120s2025 RU g rus u
020 Индекс ISBN __
a ISBN 978-5-91671-486-9
040 Источник каталогиз. __
a Служба первич. каталог. Общество с ограниченной ответственностью «ЗНАНИУМ»
041 Код языка издания __
a Код языка текста rus
044 Код страны публикации __
a Код страны публикации RU
080 Индекс УДК __
a Индекс УДК 53
084 Индекс другой классификации/Индекс ББК __
2 Источник индекса rubbk
a Индекс другой классификации/Индекс ББК 223
100 Автор __
a Автор Вильчек Ф.
q Полное имя Вильчек Фрэнк
245 Заглавие __
a Заглавие Красота физики: Постигая устройство природы
b Продолж. заглавия Научно-популярная литература
250 Сведения об издании __
a Основные сведения об издании 1
260 Выходные данные __
a Место издания Москва
b Издательство ООО "Альпина нон-фикшн"
c Дата издания 2026
300 Физическое описание __
a Объем 608 с.
520 Аннотация __
a Аннотация Верно ли что красота правит миром? Этим вопросом на протяжении всей истории человечества задавались и мыслители и художники и ученые. На страницах великолепно иллюстрированной книги своими размышлениями о красоте Вселенной и научных идей делится Нобелевский лауреат Фрэнк Вильчек. Шаг за шагом начиная с представлений греческих философов и заканчивая современной главной теорией объединения взаимодействий и направлениями ее вероятного развития автор показывает лежащие в основе физических концепций идеи красоты и симметрии. Герои его исследования — и Пифагор и Платон и Ньютон и Максвелл и Эйнштейн. Наконец это Эмми Нётер которая вывела из симметрий законы сохранения и великая плеяда физиков XX в. В отличие от многих популяризаторов Фрэнк Вильчек не боится формул и умеет "на пальцах" показать самые сложные вещи заражая нас юмором и ощущением чуда.
521 Примеч. о цел. назн. __
a Примеч. о целев. назн. Дополнительное образование
650 Тематические рубрики __
a Основная рубрика Физико-математические науки
655 Указ. предметных рубрик (устаревшее) __
a Жанр/ форма (устаревшее) Научно-популярная литература
856 Электронный адрес документа 4_
a Имя сервера/домена znanium.ru
m Помощь ebs_support@infra-m.ru
n Местонахождение сервера НИЦ ИНФРА-М
u URL https://znanium.ru/catalog/document?id=473060
856 Электронный адрес документа 48
a Имя сервера/домена znanium.ru
d Путь /cover/2234
f Электронное имя 2234237.jpg
q Тип электронного формата image/jpeg
u URL https://znanium.ru/cover/2234/2234237.jpg
911 __
u 0030=https://znanium.ru/catalog/document?id=473060